Szczegóły MARC21

Anty-TINA : rozmowy o lepszym świecie, myśleniu i życiu /

003 -Nazwa inst., której nr kontr. jest w polu 001 [,]
    • @
    • Nazwa instytucji, której n kontrolny jest w polu 001
    • NUKAT
005 -DATA I CZAS OSTATNIEJ MODYFIKACJI [,]
    • @
    • pole kontrolne
    • 20250813081758.0
020 -Międzynarod. znormalizowany nr książki - ISBN [ , ]
    • a
    • Numer ISBN
    • 8388807617 Find
040 -Instytucja sporządzająca opis [ , ]
    • a
    • Instytucja, która sporządziła opis (NP)
    • WR U/al
    • c
    • Instytucja, która sporządziła rekord (NP)
    • WR U/al
    • d
    • Instytucja, która zmodyfikowała rekord (P)
    • WR U/dl
    • d
    • Instytucja, która zmodyfikowała rekord (P)
    • WR O/JGs
    • d
    • Instytucja, która zmodyfikowała rekord (P)
    • KR U/MM
    • d
    • Instytucja, która zmodyfikowała rekord (P)
    • WA 004/ZW
942 -Rodzaj dokumentu [ , ]
    • c
    • Rodzaj dokumentu
    • Książka
100 -Hasło główne - nazwa osobowa [1, ]
    • a
    • Nazwa osobowa (NP)
    • Żakowski, Jacek
    • d
    • Daty biograficzne (NP)
    • (1957- ).
    • 9
    • KHW
    • 7636
245 -Strefa tytułu i oznaczenia odpowiedzialności [1,0]
    • a
    • Tytuł
    • Anty-TINA : Find
    • b
    • Ciąg dalszy tytułu (NP)
    • rozmowy o lepszym świecie, myśleniu i życiu / Find
    • c
    • Pozostałe elementy strefy tytułu i oznaczenia odpowiedzialności (NP)
    • Jacek Żakowski.
246 -Wariant tytułu [3, ]
    • a
    • Tytuł (NP)
    • Anty-There Is No Alternative
260 -Strefa adresu wydawniczego [ , ]
    • a
    • Miejsce wydania (P)
    • Warszawa :
    • b
    • Nazwa wydawcy (P)
    • Sic!,
    • c
    • Data wydania (P)
    • cop. 2005.
300 -Strefa opisu fizycznego [ , ]
    • a
    • Określenie formy książki i/lub objętość (NP)
    • 204, [3] s. ;
    • c
    • Format (NP)
    • 21 cm.
336 -Typ zawartości [ , ]
    • a
    • Termin opisujący typ zawartości
    • Tekst
    • b
    • Kod określający zawartość
    • txt
    • 2
    • Źródło (terminu i kodu)
    • rdacontent
337 -Typ mediów [ , ]
    • a
    • Tryb odtwarzania
    • Bez urządzenia pośredniczącego
    • b
    • Kod typu mediów
    • n
    • 2
    • Źródło (terminu i kodu)
    • rdamedia
338 -Typ/rodzaj nośnika [ , ]
    • a
    • Hasło opisujące typ nośnika
    • Wolumin
    • b
    • Kod typu nośnika
    • nc
    • 2
    • Źródło (terminu i kodu)
    • rdacarrier
500 -Uwaga ogólna [ , ]
    • a
    • Uwaga ogólna (NP)
    • Na s. red.: "Zamieszczone w książce rozmowy miały swoje pierwodruki w tygodniku "Polityka" w latach 2003-2004".
500 -Uwaga ogólna [ , ]
    • a
    • Uwaga ogólna (NP)
    • Na s. tyt. i okł. nazwy rozmówców: Zygmunt Bauman, Noam Chomsky, Joseph Stiglitz [et al.].
650 -Hasło przedmiotowe [ ,7]
    • a
    • Hasło przedmiotowe
    • Intelektualiści
    • v
    • Określnik formalny
    • rozmowy.
    • 2
    • Źródło terminu
    • kaba
    • 9
    • KHW
    • 402012
700 -Hasło dodatkowe - nazwa osobowa [1, ]
    • a
    • Nazwa osobowa (NP)
    • Bauman, Zygmunt Find
    • d
    • Daty biograficzne (NP)
    • (1925-2017).
    • 9
    • KHW
    • 11351
710 -Hasło dodatkowe - nazwa ciała zbiorowego [2, ]
    • a
    • Nazwa ciała zbiorowego lub nazwa geograficzna jako pierwszy element (NP)
    • Wydawnictwo Sic!.
    • 4
    • Kod relacji
    • pbl
    • 9
    • KHW
    • 68583
920 -ISBN [ , ]
    • a
    • ISBN
    • 83-88807-61-7 Find
Lokalizacja Data inwentaryzacji Numer inwentarzowy Status udost.
T2016-12-07T.19256-2